| 000 | 00388nam a2200145Ia 4500 | ||
|---|---|---|---|
| 008 | 231019s9999 xx 000 0 und d | ||
| 020 | _a978-0-7515-6327-0 | ||
| 082 |
_a657.076 _bTUT-A |
||
| 100 | _aTutors-BPP | ||
| 245 | 0 | _aCAT Advance Paper6 Drafting Financial Statements INT Stream | |
| 260 |
_aUK _bBPP Learning Media _c2009 |
||
| 300 | _a378 | ||
| 650 | _aAccounting | ||
| 999 |
_c34558 _d34558 |
||